00401nam a2200145Ia 4500008004100000020001800041041000800059082001800067100001600085245008900101260002500190300000800215365001600223700001600239230718s9999 xx 000 0 und d a9780007265497 aeng a294.3444bCAN aCanfield J. aHow To Get From Where You Are To Where You Want To Be:bThe 25 Principles Of Success c2007bHarper Element a335 cRs.b275.00 aCanfield J.